000 00364nam a22001337a 4500
020 _qPB.
040 _cFIZZA ISHAQ
082 _a423.1
_b MER
100 _aWEBSTER,MERRIAM.
_9131955
245 _aWEBSTER'S AMERICAN ENGLISH THESAURUS /
_cMERRIAM WEBSTER.
260 _aNEW YORK;
_bFEDERAL STREET PRESS;
_c2006.
300 _a400 P. ;
_c6.9X.4.1IN
942 _2ddc
_cBK
999 _c615582
_d615582